Akhtaruzzaman Elias : (Record no. 42981)

MARC details
000 -LEADER
fixed length control field 00796nam a22002177a 4500
005 - DATE AND TIME OF LATEST TRANSACTION
control field 20100823123651.0
010 ## - LCCN (DPL NO)
LC control number ENG-101334
020 ## - INTERNATIONAL STANDARD BOOK NUMBER
International Standard Book Number 9788189833503
Terms of availability 50.00
035 ## - SYSTEM CONTROL NUMBER
System control number EN-84867
037 ## - SOURCE OF ACQUISITION
Source of stock number/acquisition DBAD/PUB
082 ## - DEWEY DECIMAL CLASSIFICATION NUMBER
Classification number 324.268075
100 ## - MAIN ENTRY--PERSONAL NAME
Personal name Ghosh, Pothik
245 ## - TITLE STATEMENT
Title Akhtaruzzaman Elias :
Remainder of title Beyond the lived time of nationhood /
Statement of responsibility, etc by Pothik Ghosh
260 ## - PUBLICATION, DISTRIBUTION, ETC. (IMPRINT)
Place of publication, distribution, etc Delhi
Name of publisher, distributor, etc Aakar Books
Date of publication, distribution, etc 2008
270 ## - ADDRESS
Address 28 E Pocket IV, Mayur Vihar Phase 1,
City Delhi
Postal code 110091
300 ## - PHYSICAL DESCRIPTION
Extent 47 p.
Dimensions 21cm (Pbk)
500 ## - GENERAL NOTE
General note Includes bibliographical references
650 ## - SUBJECT ADDED ENTRY--TOPICAL TERM
Topical term or geographic name as entry element Comnnuism
942 ## - ADDED ENTRY ELEMENTS (KOHA)
Source of classification or shelving scheme Dewey Decimal Classification
Item type English Books
Classification part 324.268075
Call number suffix GHO
Holdings
Withdrawn status Lost status Not for loan Collection code Home library Current library Date acquired Source of acquisition Cost, normal purchase price Full call number Barcode Copy number Cost, replacement price Koha item type
    Not For Loan Non-fiction D.B.Act.Division D.B.Act.Division 23/08/2010 DBAD/PUB 50.00 324.268075 GHO EN-84867 1 50.00 English Books

© Delhi Public Library
Hit Counter
free hit counter